[Event "Niedersachsen-ch op A"]
[Site "Verden"]
[Date "2019.01.03"]
[Round "2"]
[White "Waldmann, Christoph"]
[Black "Loecken, Siegfried"]
[Result "0-1"]
[WhiteElo "1818"]
[BlackElo "2021"]
[PlyCount "54"]
[EventDate "2019.01.03"]
[EventType "swiss"]
[EventRounds "7"]
[EventCountry "GER"]
[SourceTitle "EXT 2022"]
[Source "ChessBase"]
[SourceDate "2021.10.06"]
[SourceVersion "1"]
[SourceVersionDate "2021.10.06"]
[SourceQuality "1"]

1. d4 Nf6 2. Bf4 c5 3. e3 cxd4 4. exd4 d5 5. c3 Nc6 6. Bd3 Bg4 7. Nf3 Qb6 8. Qb3 Qxb3 9. axb3 Bxf3 10. gxf3 e6 11. b4 Kd7 12. Nd2 Bd6 13. Bg3 Nh5 14. 0-0 f5 15. b5 Ne7 16. Be5 Bxe5 17. dxe5 Nf4 18. Bc2 Rhc8 19. Nb3 Neg6 20. Rfe1 Nh4 21. Nd4 Rc4 22. Bd1 Nd3 23. Re2 g5 24. Ra4 Rxa4 25. Bxa4 Ng6 26. Kg2 Ngf4+ 27. Kf1 Nxe2 0-1

[Event "Hannover-chB"]
[Site "Lehrte"]
[Date "2015.10.30"]
[Round "3"]
[White "Rossberg, Jonathan"]
[Black "Waldmann, Christoph"]
[Result "1/2-1/2"]
[WhiteElo "1660"]
[BlackElo "1844"]
[PlyCount "52"]
[EventDate "2015.10.29"]
[EventType "swiss"]
[EventRounds "7"]
[EventCountry "GER"]
[SourceTitle "EXT 2021"]
[Source "ChessBase"]
[SourceDate "2020.10.23"]
[SourceVersion "1"]
[SourceVersionDate "2020.10.23"]
[SourceQuality "1"]

1. d4 Nf6 2. c4 c5 3. d5 e6 4. Nc3 exd5 5. cxd5 d6 6. e4 g6 7. f4 Bg7 8. Bb5+ Nfd7 9. a4 0-0 10. Nf3 Na6 11. 0-0 Nb4 12. Na2 Nxa2 13. Rxa2 a6 14. Bd3 Re8 15. Re1 Nf6 16. b3 Bg4 17. Bd2 Bxf3 18. Qxf3 Rb8 19. a5 Qd7 20. Bc4 Qg4 21. Qxg4 Nxg4 22. e5 Nh6 23. e6 Kf8 24. b4 Bd4+ 25. Be3 Bc3 26. Bd2 Bd4+ 1/2-1/2

[Event "Hannover-chB"]
[Site "Lehrte"]
[Date "2015.10.29"]
[Round "1"]
[White "Waldmann, Christoph"]
[Black "Boerries, Stefan"]
[Result "1-0"]
[WhiteElo "1844"]
[BlackElo "1681"]
[PlyCount "139"]
[EventDate "2015.10.29"]
[EventType "swiss"]
[EventRounds "7"]
[EventCountry "GER"]
[SourceTitle "EXT 2021"]
[Source "ChessBase"]
[SourceDate "2020.10.23"]
[SourceVersion "1"]
[SourceVersionDate "2020.10.23"]
[SourceQuality "1"]

1. Nf3 d5 2. c4 e6 3. g3 Nf6 4. Bg2 Bd7 5. cxd5 exd5 6. 0-0 Be7 7. Nc3 c6 8. d4 0-0 9. a3 Qc8 10. Bg5 h6 11. Bxf6 Bxf6 12. Rc1 Be6 13. b4 Nd7 14. b5 Nb6 15. bxc6 bxc6 16. e3 Qa6 17. a4 Rab8 18. Ne1 Bf5 19. e4 dxe4 20. Nxe4 Bxe4 21. Bxe4 Qxa4 22. Qxa4 Nxa4 23. Bxc6 Nb6 24. Nf3 Rfd8 25. Rfd1 Nd5 26. Rc5 Nb4 27. Ba4 Rb6 28. Kf1 Rbd6 29. Rc7 Bxd4 30. Nxd4 Rxd4 31. Rxd4 Rxd4 32. Rxa7 Rd8 33. Bb3 Rf8 34. Rc7 Nd3 35. Ke2 Ne5 36. f4 Ng6 37. Kf3 Nh8 38. Kg4 g6 39. h4 Kg7 40. h5 Kf6 41. hxg6 fxg6 42. Rh7 h5+ 43. Kh4 Nf7 44. Bd5 Nd6 45. Rc7 Nf5+ 46. Kh3 Ne7 47. Be4 Rb8 48. Rxe7 Kxe7 49. Bxg6 Kf6 50. Bxh5 Kf5 51. Bg4+ Ke4 52. Bd1 Rh8+ 53. Kg2 Rg8 54. Kf2 Re8 55. Bc2+ Kd4 56. g4 Re3 57. g5 Ra3 58. Bh7 Ra7 59. Bf5 Rf7 60. g6 Rxf5 61. g7 Rxf4+ 62. Kg3 Rf1 63. Kg2 Re1 64. g8Q Re4 65. Qd8+ Kc3 66. Kf3 Rd4 67. Qf6 Kd3 68. Qa6+ Kc3 69. Ke3 Rd8 70. Qa5+ 1-0

[Event "Hannover Ihme Cup"]
[Site "Hannover"]
[Date "2015.05.10"]
[Round "4"]
[White "Waldmann, Christoph"]
[Black "Schulz, Daniel"]
[Result "0-1"]
[WhiteElo "1893"]
[BlackElo "1941"]
[PlyCount "66"]
[EventDate "2015.05.08"]
[EventType "swiss"]
[EventRounds "5"]
[EventCountry "GER"]
[SourceTitle "EXT 2021"]
[Source "ChessBase"]
[SourceDate "2020.10.23"]
[SourceVersion "1"]
[SourceVersionDate "2020.10.23"]
[SourceQuality "1"]

1. d4 Nf6 2. Bf4 g6 3. e3 Bg7 4. Nf3 0-0 5. Be2 d5 6. Nbd2 c5 7. c3 Nc6 8. h3 Nd7 9. 0-0 e5 10. dxe5 Ndxe5 11. Nxe5 Nxe5 12. Nf3 f6 13. Qb3 c4 14. Qc2 Bf5 15. Qd2 Qa5 16. Nd4 Bd3 17. Rfd1 Rfe8 18. Bg3 Rad8 19. Nf3 Be4 20. Ne1 Qc5 21. Rdc1 b5 22. Nc2 a5 23. a3 Rb8 24. Rd1 Rb7 25. Ne1 Rd7 26. Bxe5 fxe5 27. Bg4 Rdd8 28. Bf3 Bxf3 29. Nxf3 a4 30. Qe2 d4 31. cxd4 exd4 32. Nxd4 Bxd4 33. Rxd4 Qxd4 0-1

[Event "Hannover Ihme Cup"]
[Site "Hannover"]
[Date "2015.05.09"]
[Round "2"]
[White "Waldmann, Christoph"]
[Black "Luebeck, Stephan"]
[Result "0-1"]
[WhiteElo "1893"]
[BlackElo "2097"]
[PlyCount "58"]
[EventDate "2015.05.08"]
[EventType "swiss"]
[EventRounds "5"]
[EventCountry "GER"]
[SourceTitle "EXT 2021"]
[Source "ChessBase"]
[SourceDate "2020.10.23"]
[SourceVersion "1"]
[SourceVersionDate "2020.10.23"]
[SourceQuality "1"]

1. d4 g6 2. Bf4 Bg7 3. e3 d6 4. Nf3 Nc6 5. h3 e5 6. Bh2 exd4 7. exd4 Nge7 8. Be2 0-0 9. 0-0 Re8 10. Re1 Be6 11. c3 Qd7 12. Nbd2 a5 13. a4 h6 14. Bc4 Nd8 15. Bxe6 Nxe6 16. Qb3 Rab8 17. Nc4 b6 18. Na3 g5 19. Nb5 Ng6 20. Qd5 Nef4 21. Qc4 c6 22. Na3 Rxe1+ 23. Rxe1 b5 24. axb5 cxb5 25. Qb3 g4 26. hxg4 Qxg4 27. Bg3 Nxg2 28. Nh2 Qh3 29. Re4 N2h4 0-1

[Event "Niedersachsen-ch op-A"]
[Site "Verden"]
[Date "2013.01.05"]
[Round "6"]
[White "Fischer, Manfred"]
[Black "Waldmann, Christoph"]
[Result "0-1"]
[WhiteElo "1838"]
[BlackElo "1902"]
[PlyCount "46"]
[EventDate "2013.01.03"]
[EventType "swiss"]
[EventRounds "7"]
[EventCountry "GER"]
[SourceTitle "EXT 2014"]
[Source "ChessBase"]
[SourceDate "2013.11.20"]
[SourceVersion "1"]
[SourceVersionDate "2013.11.20"]
[SourceQuality "1"]

1. e4 c6 2. d4 d5 3. exd5 cxd5 4. Bd3 Nc6 5. c3 Qc7 6. Ne2 Bg4 7. f3 Bh5 8. Bf4 Qd8 9. Qb3 Qd7 10. Na3 e6 11. Nc2 Bg6 12. Bxg6 Na5 13. Bd3 Nxb3 14. axb3 Ne7 15. c4 Nc6 16. c5 Be7 17. b4 0-0 18. b5 Nb8 19. Kf2 a6 20. b4 Re8 21. Ra2 Bf6 22. bxa6 Nxa6 23. b5 Nxc5 0-1

[Event "Niedersachsen-ch op-A"]
[Site "Verden"]
[Date "2013.01.05"]
[Round "5"]
[White "Waldmann, Christoph"]
[Black "Schmidt, Karsten Ruediger"]
[Result "1-0"]
[WhiteElo "1902"]
[BlackElo "1753"]
[PlyCount "123"]
[EventDate "2013.01.03"]
[EventType "swiss"]
[EventRounds "7"]
[EventCountry "GER"]
[SourceTitle "EXT 2014"]
[Source "ChessBase"]
[SourceDate "2013.11.20"]
[SourceVersion "1"]
[SourceVersionDate "2013.11.20"]
[SourceQuality "1"]

1. d4 Nf6 2. Nf3 c5 3. e3 g6 4. c3 Qc7 5. Nbd2 Bg7 6. Be2 d6 7. 0-0 0-0 8. dxc5 Qxc5 9. e4 Bg4 10. h3 Bxf3 11. Bxf3 Nbd7 12. Nb3 Qc7 13. Bf4 e5 14. Bg5 Nc5 15. Qc2 Ne6 16. Bxf6 Bxf6 17. Rad1 Be7 18. Rfe1 Rac8 19. g3 b5 20. Qe2 Rb8 21. a3 Qc4 22. Nd2 Qa2 23. Nf1 Qc4 24. Ne3 Qxe2 25. Rxe2 Nc7 26. Nd5 Nxd5 27. Rxd5 Rb7 28. Red2 Rfb8 29. Be2 Kg7 30. Rc2 Kf6 31. b4 Bf8 32. Ra2 Be7 33. a4 a6 34. axb5 axb5 35. Ra5 Rc7 36. Raxb5 Rxb5 37. Rxb5 Rxc3 38. Kg2 Rb3 39. Bc4 Rb2 40. Bd5 h5 41. h4 Kg7 42. Rb7 Kf8 43. b5 Bd8 44. Rxf7+ Ke8 45. Rg7 Kf8 46. Rg8+ Ke7 47. Rxg6 Rxb5 48. Rg7+ Kf6 49. Rf7+ Kg6 50. Rd7 Bb6 51. Rxd6+ Kg7 52. Rd7+ Kf6 53. Rf7+ Kg6 54. Rf3 Rb2 55. Bf7+ Kg7 56. Bxh5 Rb4 57. Rf7+ Kh6 58. Bf3 Kg6 59. Rf5 Bd4 60. Bh5+ Kg7 61. Kh3 Rb2 62. f3 1-0

[Event "Niedersachsen-ch op-A"]
[Site "Verden"]
[Date "2013.01.04"]
[Round "3"]
[White "Waldmann, Christoph"]
[Black "Baeuerlein, Johannes"]
[Result "1-0"]
[WhiteElo "1902"]
[BlackElo "1709"]
[PlyCount "81"]
[EventDate "2013.01.03"]
[EventType "swiss"]
[EventRounds "7"]
[EventCountry "GER"]
[SourceTitle "EXT 2014"]
[Source "ChessBase"]
[SourceDate "2013.11.20"]
[SourceVersion "1"]
[SourceVersionDate "2013.11.20"]
[SourceQuality "1"]

1. d4 Nf6 2. Nf3 g6 3. Bf4 Bg7 4. e3 d6 5. Be2 0-0 6. h3 c5 7. c3 Qb6 8. Qb3 Qxb3 9. axb3 Be6 10. Nbd2 Nc6 11. 0-0 cxd4 12. exd4 Nh5 13. Bh2 Bh6 14. Rfe1 Nf6 15. Bf1 a6 16. g4 Bg7 17. b4 b5 18. Bg2 Bd5 19. Ra3 Nb8 20. Rxe7 Rd8 21. Re1 Ne8 22. Ng5 Bxg2 23. Kxg2 Bh6 24. Ngf3 Nd7 25. Rea1 Nb8 26. Nf1 Nc7 27. Ne3 Bxe3 28. fxe3 Nd5 29. Re1 Nc6 30. Kf2 Nb6 31. Nd2 Na4 32. Ra2 d5 33. e4 dxe4 34. Nxe4 Kg7 35. Nc5 a5 36. Nxa4 axb4 37. Rea1 b3 38. Ra3 bxa4 39. Rxa4 Rac8 40. R1a3 Nxd4 41. Be5+ 1-0

[Event "Hannover-chB"]
[Site "Lehrte"]
[Date "2012.10.22"]
[Round "6"]
[White "Heise, Thomas"]
[Black "Waldmann, Christoph"]
[Result "1-0"]
[WhiteElo "1793"]
[BlackElo "1813"]
[PlyCount "93"]
[EventDate "2012.10.20"]
[EventType "swiss"]
[EventRounds "7"]
[EventCountry "GER"]
[SourceTitle "EXT 2021"]
[Source "ChessBase"]
[SourceDate "2020.10.23"]
[SourceVersion "1"]
[SourceVersionDate "2020.10.23"]
[SourceQuality "1"]

1. d4 d5 2. Bf4 e6 3. e3 Nf6 4. Bd3 Be7 5. Nf3 c5 6. c3 b6 7. Nbd2 0-0 8. Ne5 Bb7 9. Qf3 Nbd7 10. Qh3 g6 11. Nxd7 Nxd7 12. g4 Bf6 13. Nf3 Re8 14. Qg3 cxd4 15. exd4 e5 16. Bxe5 Bxe5 17. dxe5 f6 18. 0-0 Nxe5 19. Nxe5 Rxe5 20. Rfe1 Rxe1+ 21. Rxe1 Qd7 22. Qf4 Kf7 23. g5 f5 24. Qe5 Re8 25. Qxe8+ Qxe8 26. Rxe8 Kxe8 27. f4 Ke7 28. Kf2 Kd6 29. Ke3 Bc8 30. Kd4 Be6 31. h4 Bd7 32. Bc2 Be6 33. Ba4 Bf7 34. Bb5 Bg8 35. Be8 Ke7 36. Bc6 Kd6 37. Bb7 Be6 38. b4 Bf7 39. Bc8 Kc7 40. Ba6 Kd6 41. a4 Be6 42. a5 bxa5 43. bxa5 Bf7 44. Be2 Be6 45. h5 Bf7 46. hxg6 hxg6 47. Bb5 1-0

[Event "Hannover-chB"]
[Site "Lehrte"]
[Date "2012.10.22"]
[Round "5"]
[White "Waldmann, Christoph"]
[Black "Gehrke, Mathias"]
[Result "1-0"]
[WhiteElo "1813"]
[BlackElo "1704"]
[PlyCount "113"]
[EventDate "2012.10.20"]
[EventType "swiss"]
[EventRounds "7"]
[EventCountry "GER"]
[SourceTitle "EXT 2021"]
[Source "ChessBase"]
[SourceDate "2020.10.23"]
[SourceVersion "1"]
[SourceVersionDate "2020.10.23"]
[SourceQuality "1"]

1. d4 d5 2. Nf3 Nf6 3. Bf4 e6 4. e3 Bd6 5. Bg3 Ne4 6. Nbd2 Nxg3 7. hxg3 c5 8. c3 Nc6 9. Bd3 g6 10. Qe2 f5 11. Nh4 Qf6 12. f4 c4 13. Bc2 b5 14. b3 Ke7 15. Nhf3 b4 16. Ne5 Nxe5 17. dxe5 Bxe5 18. fxe5 Qxe5 19. Kf2 Qxc3 20. Nf3 a5 21. Qd2 Qxd2+ 22. Nxd2 c3 23. Nf3 Kf6 24. a3 Bb7 25. Nd4 e5 26. Ne2 h5 27. Ra2 Rhd8 28. Rha1 d4 29. exd4 exd4 30. Nf4 Be4 31. Nd3 Re8 32. axb4 Bxd3 33. Bxd3 Re3 34. Rd1 Rc8 35. bxa5 Rxd3 36. Rxd3 c2 37. Ra1 c1Q 38. Rxc1 Rxc1 39. Rxd4 Ke5 40. Ra4 Rc2+ 41. Kg1 Rc1+ 42. Kh2 Rc8 43. a6 Kd5 44. a7 Ra8 45. Kg1 Kc5 46. Kf2 g5 47. Ke3 Kb6 48. Kd4 h4 49. gxh4 gxh4 50. Ke5 Kb7 51. Kf4 Rxa7 52. Rxa7+ Kxa7 53. Kxf5 Kb6 54. Kg4 Kb5 55. Kxh4 Kb4 56. g4 Kxb3 57. g5 1-0

[Event "Niedersachsen-ch op"]
[Site "Verden"]
[Date "2011.01.03"]
[Round "4"]
[White "Boerner, Joachim"]
[Black "Waldmann, Christoph"]
[Result "0-1"]
[WhiteElo "1861"]
[BlackElo "1865"]
[PlyCount "74"]
[EventDate "2011.01.02"]
[EventType "swiss"]
[EventRounds "7"]
[EventCountry "GER"]
[SourceTitle "EXT 2018"]
[Source "ChessBase"]
[SourceDate "2017.10.13"]
[SourceVersion "1"]
[SourceVersionDate "2017.10.13"]
[SourceQuality "1"]

1. Nf3 d5 2. g3 Nd7 3. d4 f5 4. Bg2 e6 5. Bf4 c6 6. Nbd2 Ngf6 7. c4 Be7 8. Ng5 Nf8 9. Qc2 Ng6 10. cxd5 exd5 11. Bh3 Ne4 12. Ngxe4 fxe4 13. Bxc8 Qxc8 14. a3 Bf6 15. e3 Qd7 16. 0-0-0 Nxf4 17. gxf4 0-0-0 18. f3 exf3 19. Nxf3 Qh3 20. Qf2 Rde8 21. Rhg1 Re7 22. Rg3 Qf5 23. Ne5 Bh4 24. Qf3 Bxg3 25. hxg3 h5 26. Rh1 Kc7 27. g4 hxg4 28. Qg2 Rxh1+ 29. Qxh1 g5 30. fxg5 Qxg5 31. Qg1 g3 32. Kd2 Rg7 33. Qg2 Qf5 34. Nf3 Kb6 35. b4 Rf7 36. Ke2 Qc2+ 37. Kf1 Qd1# 0-1

[Event "Niedersachsen-ch op"]
[Site "Verden"]
[Date "2011.01.02"]
[Round "1"]
[White "Waldmann, Christoph"]
[Black "Weis, Hans Juergen"]
[Result "1-0"]
[WhiteElo "1865"]
[BlackElo "1564"]
[PlyCount "113"]
[EventDate "2011.01.02"]
[EventType "swiss"]
[EventRounds "7"]
[EventCountry "GER"]
[SourceTitle "EXT 2018"]
[Source "ChessBase"]
[SourceDate "2017.10.13"]
[SourceVersion "1"]
[SourceVersionDate "2017.10.13"]
[SourceQuality "1"]

1. d4 d5 2. Nf3 e6 3. e3 Bd6 4. Bd3 Nf6 5. Nbd2 0-0 6. 0-0 Nc6 7. e4 dxe4 8. Nxe4 Nxe4 9. Bxe4 f5 10. Bxc6 bxc6 11. Re1 Qf6 12. Bg5 Qg6 13. Be3 Bb7 14. Ne5 Bxe5 15. dxe5 c5 16. f3 c4 17. Kf2 Bd5 18. Qe2 f4 19. Bc5 Rf5 20. b3 Rg5 21. Kg1 a6 22. Be7 Rh5 23. bxc4 Bc6 24. Rad1 Rh3 25. Qd3 Qxd3 26. cxd3 Rh5 27. Rb1 Re8 28. Bc5 Rg5 29. Kf2 h5 30. d4 Rf5 31. Rb2 g5 32. Reb1 g4 33. Rb8 g3+ 34. hxg3 fxg3+ 35. Kxg3 Rg5+ 36. Kf2 Rf5 37. Rxe8+ Bxe8 38. Rb8 Kf7 39. Rb7 Kg6 40. Rxc7 h4 41. Rc8 Bd7 42. Ra8 h3 43. gxh3 Bc6 44. Rg8+ Kh7 45. Rg3 Be4 46. Ke3 Bc6 47. Be7 Rf7 48. Bc5 a5 49. f4 a4 50. a3 Rb7 51. Bb4 Rf7 52. Rg5 Kh8 53. f5 exf5 54. d5 f4+ 55. Kf2 Be8 56. e6 Rh7 57. Bc3+ 1-0

[Event "Hannover-chC"]
[Site "Lehrte"]
[Date "2010.10.09"]
[Round "1"]
[White "Schmezko, Stefan"]
[Black "Waldmann, Christoph"]
[Result "0-1"]
[WhiteElo "2067"]
[BlackElo "1858"]
[PlyCount "124"]
[EventDate "2010.10.09"]
[EventType "swiss"]
[EventRounds "7"]
[EventCountry "GER"]
[SourceTitle "EXT 2021"]
[Source "ChessBase"]
[SourceDate "2020.10.23"]
[SourceVersion "1"]
[SourceVersionDate "2020.10.23"]
[SourceQuality "1"]

1. d4 f5 2. c4 e6 3. g3 Nf6 4. Bg2 d5 5. Nh3 c6 6. Nd2 Bd6 7. 0-0 0-0 8. Qc2 Ne4 9. Nf3 Bd7 10. Nf4 Qe7 11. Rb1 Be8 12. Nd3 Bh5 13. Bf4 Bxf4 14. Nxf4 Bf7 15. Ne5 Nd7 16. Nfd3 Nxe5 17. Nxe5 Bh5 18. c5 Rf6 19. b4 a6 20. a4 Be8 21. e3 Rh6 22. f3 Ng5 23. Rbe1 Nf7 24. Nd3 Qf6 25. Qc3 g5 26. Nf2 Rg6 27. e4 h5 28. exf5 exf5 29. Nd3 Bd7 30. f4 Re8 31. Rxe8+ Bxe8 32. Ne5 Rg7 33. Qf3 g4 34. Qd3 Rh7 35. Re1 Kf8 36. Qe3 Nxe5 37. Qxe5 Qxe5 38. fxe5 Ke7 39. Rf1 Bd7 40. Rf2 Kf7 41. Bf1 Kg6 42. Bd3 Kg5 43. Rb2 Rh8 44. Kf2 f4 45. gxf4+ Kxf4 46. b5 axb5 47. axb5 h4 48. bxc6 g3+ 49. hxg3+ hxg3+ 50. Kg1 bxc6 51. Rb7 Bg4 52. Bf1 Ke3 53. Rb3+ Kf4 54. Rb7 Rh6 55. Bg2 Rg6 56. Rb3 Bf5 57. Ra3 Be4 58. Bxe4 dxe4 59. Kg2 e3 60. Ra7 e2 61. Ra1 Rh6 62. Kg1 Rh2 0-1